| 000 | 00573 a2200157 4500 | ||
|---|---|---|---|
| 020 | _a0534934129 | ||
| 040 | _aDLC | ||
| 100 | 1 | _aUyemura, John P. | |
| 245 | 1 | 2 |
_aA first course in digital systems design: an integrated approach _ban integrated approach / _cJohn P. Uyemura. |
| 246 | 3 | 0 | _aDigital systems design. |
| 260 |
_aPacific Grove, Calif. : _bBrooks/Cole, _c[1999], c2000. |
||
| 300 |
_axv, 495 p. : _bill. : _c26 cm. |
||
| 500 | _aIncludes index. | ||
| 650 | 0 |
_aIntegrated circuits _xVery large scale integration _xComputer-aided design. |
|
| 942 |
_cBK _k621.395 UYE _2ddc |
||
| 999 |
_c8395 _d8395 |
||